000 00407nam a2200181Ia 4500
001 4095
005 20260306145730.0
008 260306t2008||||xx |||||||||||||| ||spa||
041 _aESP
082 _a306.85
_bH12 2008 Nº 63
100 _aAguiló, Alfonso
_eAUT
245 0 _aEducar los sentimientos
260 _c2008
300 _a
_c
650 _aGEN
654 _aCED
942 _cLIB
_dJUS
_fJUS
_2ddc
_n
999 _c4095
_d4095